000 00597cam a2200229 4500
001 D11993
008 090401t1960 xxu||||| |||| 00| 0 eng d
035 _a(Sirsi) u604
041 _aeng
050 _a690.54
100 _aApcar, H.V.
245 _aStructural frame works for single storey factory buildings
260 _aLondon
_bHMSO
_c1960
350 _a0
490 _aFactory Building Studies
_v7
520 _aShelf 176
650 _aBUILT ENVIRONMENT-CONSTRUCTION DESIGN
650 _aFACTORIES
710 _aBuilding Research Station
_9203
942 _n0
948 _c04/03/1997
999 _c85575
_d85575